| Tag |
First Indicator |
Second Indicator |
Subfields |
| LEADER |
00000cam a2200000 4500 |
| 001 |
in00000057883 |
| 005 |
20151008050943.0 |
| 008 |
750429s1959 laua s00000 eng |
| 010 |
|
|
|a 59010974
|
| 035 |
|
|
|a (OCoLC)01304046
|
| 035 |
|
|
|9 AAG4537AM
|
| 040 |
|
|
|a DLC
|c IFA
|d TXA
|d UtOrBLW
|
| 049 |
|
|
|a TXAM
|c [310490]
|
| 050 |
0 |
0 |
|a HD9580.U7
|b I56
|
| 082 |
1 |
|
|a 338.4766554
|
| 092 |
|
|
|a 338.4766554
|b L863o
|
| 100 |
1 |
|
|a Loos, John L.
|
| 245 |
1 |
0 |
|a Oil on stream! :
|b A history of Interstate Oil Pipe Line Company, 1909-1959.
|
| 264 |
|
1 |
|a Baton Rouge :
|b Louisiana State University Press,
|c [1959]
|
| 300 |
|
|
|a 411 pages :
|b illustrations ;
|c 24 cm.
|
| 336 |
|
|
|a text
|b txt
|2 rdacontent
|
| 337 |
|
|
|a unmediated
|b n
|2 rdamedia
|
| 338 |
|
|
|a volume
|b nc
|2 rdacarrier
|
| 610 |
2 |
0 |
|a Interstate Oil Pipe Line Company.
|
| 650 |
|
0 |
|a Petroleum pipelines
|z United States.
|
| 999 |
|
|
|a MARS
|
| 999 |
f |
f |
|s 999c5807-62c3-3414-a4c6-c6942b10dadb
|i 8a88d25d-2821-3e8a-9446-c4cd00fac6b1
|t 0
|
| 952 |
f |
f |
|p ric
|a Texas A&M University
|b Rellis Campus
|c Joint Library Facility
|d Remote Storage
|t 0
|e HD9580.U7 I56
|h Library of Congress classification
|i unmediated -- volume
|m A14800765932
|
| 998 |
f |
f |
|a HD9580.U7 I56
|t 0
|l Remote Storage
|